000 01206nas a2200373 4500
001 BR2011000236
003 BR-BrBNA
005 20231205114834.0
007 ta
008 230509b bl.|||p| |||| 00| 00por d
040 _aBR-BrBNA
_bpor
_cBiblioteca Nacional de Agricultura
072 _aL01; L20
100 1 _aRodrigues, G.S.
100 1 _aRodrigues, I.A.
100 1 _aTupy, O.
100 1 _aCamargo, A.C.
100 1 _aNovo, A.L.M.
100 1 _aBonadio, L.F.
100 1 _aTokuda, F.S.
100 1 _aAndrade, E.F.A.
100 1 _aShiota, C.M.
100 1 _aSilva, R.A. da
245 1 _aAvaliação sócio-ambiental da integração tecnológica EMBRAPA Pecuária Sudeste para produção leiteira na agricultura familiar
500 _aSummaries (En, Pt); Bibliography (52 ref.)
650 _aAGRICULTURA FAMILIAR
650 _aPRODUÇÃO LEITEIRA
650 _aIMPACTO AMBIENTAL
650 _aINOVAÇÃO TECNOLOGICA
650 _aDESENVOLVIMENTO SUSTENTÁVEL
650 _aMETODOLOGIA
773 0 _tAgricultura em São Paulo (Brazil)
_xISSN 0044-6793
_g(Jul-Dec 2006), v. 53(2) p. 35-48
_wBR2011000236
909 _a202311
_bLúcia
_c55
_dLúcia Elande
942 _2AGRIS
_n0
_cANA
999 _c210754
_d210754